000 00335nam a22001337a 4500
008 170607b xxu||||| |||| 00| 0 eng d
020 _a038712070-X
041 _aeng
080 _a62
100 _aIM
101 _a26
245 _aCOMPUTATIONAL METHODS IN BICURCATION THEORY AND DISSIPATIVE STRUCTURES
_cKUBICEK,M
942 _2udc
_cBK
999 _c16241
_d16241